Matériel roulant - Mort subite - Statistiques

Statistiques générales
  • Ce quiz a été pris 34 fois
  • Le résultat moyen est 3 sur 10
Answers on the Grid
Answers color-coded by a green-red scale on the quiz's grid according to % correct below.
X73500
Z73500
Z22500
Z58500
TGV L
Z37500
BB27000
BB28000
Z21500
X77500
X72500
X74500
BB75000
BB85500
TGV PBKA
U55800
U56500
U52500
BB73500
TGV PBKA Duplex
 
Statistiques - réponses
Réponse % Correct
TGV PBKA
59%
X72500
35%
X73500
29%
X74500
29%
BB75000
24%
Z21500
24%
Z22500
24%
Z58500
24%
BB27000
18%
U52500
0%
Aucun quiz correspondant
Distribution des résultats
% des personnes avec chaque résultat
Percentile par nombre de réponses
Votre historique - résultats
Vous n’avez pas pris ce quiz